[Event "Stay Safe Play From Home 272"]
[Site "Emanuel Lasker Arena"]
[Date "2020.07.02"]
[Round "3"]
[White "Greblah"]
[Black "Justwatch"]
[Result "0-1"]
[WhiteElo "1899"]
[BlackElo "1672"]
[Annotator "NA"]
[PlyCount "142"]
[EventDate "2020.07.02"]
[EventType "swiss (blitz)"]

1. e4 {[%emt 0:00:01]} Nf6 {[%emt 0:00:01]} 2. e5 {[%emt 0:00:01]} Nd5 {[%emt 0:00:00]} 3. d4 {[%emt 0:00:01]} d6 {[%emt 0:00:01]} 4. exd6 {[%emt 0:00:00]} cxd6 {[%emt 0:00:00]} 5. c3 {[%emt 0:00:00]} Nb6 {[%emt 0:00:00]} 6. Ne2 {[%emt 0:00:00]} Nc6 {[%emt 0:00:00]} 7. Ng3 {[%emt 0:00:00]} Bg4 {[%emt 0:00:00]} 8. Be2 {[%emt 0:00:01]} Bxe2 {[%emt 0:00:01]} 9. Qxe2 {[%emt 0:00:00]} g6 {[%emt 0:00:01]} 10. O-O {[%emt 0:00:00]} Bg7 {[%emt 0:00:00]} 11. Bg5 {[%emt 0:00:01]} f6 {[%emt 0:00:01]} 12. Bd2 {[%emt 0:00:01]} O-O {[%emt 0:00:01]} 13. Na3 {[%emt 0:00:01]} e5 {[%emt 0:00:01]} 14. Nc4 {[%emt 0:00:01]} Nxc4 {[%emt 0:00:02]} 15. Qxc4+ {[%emt 0:00:00]} Kh8 {[%emt 0:00:02]} 16. d5 {[%emt 0:00:01]} Ne7 {[%emt 0:00:01]} 17. Qd3 {[%emt 0:00:03]} Rc8 {[%emt 0:00:01]} 18. c4 {[%emt 0:00:00]} Rc5 {[%emt 0:00:01]} 19. Bb4 {[%emt 0:00:01]} Rc7 {[%emt 0:00:02]} 20. b3 {[%emt 0:00:00]} a6 {[%emt 0:00:01]} 21. Ne4 {[%emt 0:00:01]} Rd7 {[%emt 0:00:01]} 22. Nxd6 {[%emt 0:00:01]} Rxd6 {[%emt 0:00:00]} 23. Bxd6 {[%emt 0:00:01]} Qxd6 {[%emt 0:00:00]} 24. Rfd1 {[%emt 0:00:01]} Nf5 {[%emt 0:00:01]} 25. Rac1 {[%emt 0:00:02]} Nd4 {[%emt 0:00:01]} 26. a3 {[%emt 0:00:03]} Qxa3 {[%emt 0:00:01]} 27. c5 {[%emt 0:00:04]} Qxb3 {[%emt 0:00:03]} 28. Qxb3 {[%emt 0:00:01]} Nxb3 {[%emt 0:00:00]} 29. Rc3 {[%emt 0:00:00]} Na5 {[%emt 0:00:01]} 30. d6 {[%emt 0:00:01]} Nc6 {[%emt 0:00:02]} 31. Rb1 {[%emt 0:00:02]} Rf7 {[%emt 0:00:02]} 32. Rb6 {[%emt 0:00:01]} Rd7 {[%emt 0:00:01]} 33. Rcb3 {[%emt 0:00:01]} Na5 {[%emt 0:00:04]} 34. Ra3 {[%emt 0:00:03]} Nc6 {[%emt 0:00:01]} 35. Rab3 {[%emt 0:00:01]} Na5 {[%emt 0:00:01]} 36. Rb2 {[%emt 0:00:01]} f5 {[%emt 0:00:02]} 37. Kf1 {[%emt 0:00:02]} e4 {[%emt 0:00:01]} 38. Rb1 {[%emt 0:00:00]} Kg8 {[%emt 0:00:03]} 39. Ke2 {[%emt 0:00:01]} Kf7 {[%emt 0:00:01]} 40. Ke3 {[%emt 0:00:00]} Ke6 {[%emt 0:00:00]} 41. f3 {[%emt 0:00:00]} Kd5 {[%emt 0:00:01]} 42. Ra1 {[%emt 0:00:03]} Nc4+ {[%emt 0:00:02]} 43. Ke2 {[%emt 0:00:02]} Nxb6 {[%emt 0:00:00]} 44. cxb6 {[%emt 0:00:00]} Rxd6 {[%emt 0:00:00]} 45. Rd1+ {[%emt 0:00:01]} Kc6 {[%emt 0:00:01]} 46. Rc1+ {[%emt 0:00:00]} Kxb6 {[%emt 0:00:01]} 47. Rc8 {[%emt 0:00:00]} Rc6 {[%emt 0:00:01]} 48. Rg8 {[%emt 0:00:00]} Bc3 {[%emt 0:00:01]} 49. Ke3 {[%emt 0:00:00]} Rd6 {[%emt 0:00:00]} 50. Kf4 {[%emt 0:00:00]} Rd3 {[%emt 0:00:00]} 51. Kg5 {[%emt 0:00:00]} Bd2+ {[%emt 0:00:00]} 52. Kf6 {[%emt 0:00:03]} Bc3+ {[%emt 0:00:00]} 53. Kg5 {[%emt 0:00:01]} Rd6 {[%emt 0:00:00]} 54. Kh6 {[%emt 0:00:00]} Bf6 {[%emt 0:00:01]} 55. Rg7 {[%emt 0:00:00]} Bxg7+ {[%emt 0:00:01]} 56. Kxg7 {[%emt 0:00:00]} Rc6 {[%emt 0:00:00]} 57. Kxh7 {[%emt 0:00:00]} a5 {[%emt 0:00:00]} 58. h4 {[%emt 0:00:01]} a4 {[%emt 0:00:00]} 59. h5 {[%emt 0:00:00]} a3 {[%emt 0:00:00]} 60. hxg6 {[%emt 0:00:00]} Rxg6 {[%emt 0:00:01]} 61. Kxg6 {[%emt 0:00:00]} a2 {[%emt 0:00:00]} 62. Kxf5 {[%emt 0:00:00]} a1=Q {[%emt 0:00:00]} 63. fxe4 {[%emt 0:00:00]} Qh8 {[%emt 0:00:01]} 64. e5 {[%emt 0:00:00]} Qf8+ {[%emt 0:00:00]} 65. Ke4 {[%emt 0:00:01]} Qd8 {[%emt 0:00:00]} 66. g4 {[%emt 0:00:00]} Qc7 {[%emt 0:00:00]} 67. Kf4 {[%emt 0:00:00]} Qc4+ {[%emt 0:00:00]} 68. Kf5 {[%emt 0:00:00]} Qc5 {[%emt 0:00:00]} 69. Kf6 {[%emt 0:00:01]} Qc6+ {[%emt 0:00:00]} 70. e6 {[%emt 0:00:00]} Qc7 {[%emt 0:00:00]} 71. g5 {[%emt 0:00:00]} Qf4+ {[%emt 0:00:00] Zeit (Lag: Av=0.47s, max=1.1s)} 0-1

[Event "Stay Safe Play From Home 272"]
[Site "Emanuel Lasker Arena"]
[Date "2020.07.02"]
[Round "3"]
[White "Chase the sun"]
[Black "SoulofWolf"]
[Result "0-1"]
[WhiteElo "1885"]
[BlackElo "2213"]
[PlyCount "62"]
[EventDate "2020.07.02"]
[EventType "swiss (blitz)"]

1. e4 {[%emt 0:00:01]} d5 {[%emt 0:00:00]} 2. exd5 {[%emt 0:00:01]} Nf6 {[%emt 0:00:00]} 3. Nc3 {[%emt 0:00:00]} Nxd5 {[%emt 0:00:01]} 4. Qf3 {[%emt 0:00:01]} c6 {[%emt 0:00:02]} 5. Nxd5 {[%emt 0:00:01]} cxd5 {[%emt 0:00:00]} 6. c3 {[%emt 0:00:00]} Nc6 {[%emt 0:00:01]} 7. d4 {[%emt 0:00:01]} e5 {[%emt 0:00:01]} 8. dxe5 {[%emt 0:00:02]} Nxe5 {[%emt 0:00:00]} 9. Bb5+ {[%emt 0:00:01]} Bd7 {[%emt 0:00:01]} 10. Qxd5 {[%emt 0:00:01]} Nc6 {[%emt 0:00:04]} 11. Bg5 {[%emt 0:00:06]} Be7 {[%emt 0:00:01]} 12. Qe4 {[%emt 0:00:03]} f6 {[%emt 0:00:02]} 13. Bf4 {[%emt 0:00:02]} O-O {[%emt 0:00:01]} 14. Bc4+ {[%emt 0:00:02]} Kh8 {[%emt 0:00:01]} 15. O-O-O {[%emt 0:00:00]} Re8 {[%emt 0:00:01]} 16. Qd3 {[%emt 0:00:02]} Bg4 {[%emt 0:00:03]} 17. Qxd8 {[%emt 0:00:02]} Bxd8 {[%emt 0:00:00]} 18. Rxd8 {[%emt 0:00:01]} Raxd8 {[%emt 0:00:01]} 19. f3 {[%emt 0:00:00]} Bf5 {[%emt 0:00:01]} 20. Ne2 {[%emt 0:00:01]} Bd3 {[%emt 0:00:02]} 21. Bxd3 {[%emt 0:00:02]} Rxd3 {[%emt 0:00:00]} 22. Ng3 {[%emt 0:00:01]} g6 {[%emt 0:00:02]} 23. Rd1 {[%emt 0:00:01]} Red8 {[%emt 0:00:01]} 24. Rxd3 {[%emt 0:00:01]} Rxd3 {[%emt 0:00:00]} 25. Kc2 {[%emt 0:00:00]} Rd7 {[%emt 0:00:01]} 26. Ne4 {[%emt 0:00:05]} Kg7 {[%emt 0:00:01]} 27. Nd6 {[%emt 0:00:02]} h5 {[%emt 0:00:04]} 28. h4 {[%emt 0:00:02]} g5 {[%emt 0:00:02]} 29. hxg5 {[%emt 0:00:01]} fxg5 {[%emt 0:00:01]} 30. Nf5+ {[%emt 0:00:01]} Kg6 {[%emt 0:00:01]} 31. Nh4+ {[%emt 0:00:02]} gxh4 {[%emt 0:00:02]} 0-1

[Event "Stay Safe Play From Home 272"]
[Site "Emanuel Lasker Arena"]
[Date "2020.07.02"]
[Round "3"]
[White "Klasman"]
[Black "Haxhi Baha"]
[Result "0-1"]
[WhiteElo "1335"]
[BlackElo "2051"]
[PlyCount "30"]
[EventDate "2020.07.02"]
[EventType "swiss (blitz)"]

1. f4 {[%emt 0:00:02]} e5 {[%emt 0:00:07]} 2. fxe5 {[%emt 0:00:02]} d6 {[%emt 0:00:01]} 3. Nf3 {[%emt 0:00:01]} Bg4 {[%emt 0:00:02]} 4. e4 {[%emt 0:00:02]} Nc6 {[%emt 0:00:02]} 5. Bc4 {[%emt 0:00:01]} dxe5 {[%emt 0:00:01]} 6. d3 {[%emt 0:00:04]} Nf6 {[%emt 0:00:04]} 7. O-O {[%emt 0:00:04]} Be7 {[%emt 0:00:02]} 8. Nc3 {[%emt 0:00:07]} O-O {[%emt 0:00:02]} 9. Nd5 {[%emt 0:00:01]} Nd4 {[%emt 0:00:01]} 10. Bg5 {[%emt 0:00:08]} Nxd5 {[%emt 0:00:04]} 11. exd5 {[%emt 0:00:14]} Bxf3 {[%emt 0:00:03]} 12. Bxe7 {[%emt 0:00:04]} Qxe7 {[%emt 0:00:04]} 13. gxf3 {[%emt 0:00:02]} b5 {[%emt 0:00:01]} 14. Bb3 {[%emt 0:00:04]} Qg5+ {[%emt 0:00:01]} 15. Kh1 {[%emt 0:00:03]} Qh4 {[%emt 0:00:05] Time (Lag: Av=0.81s, max=1.5s)} 0-1

[Event "Stay Safe Play From Home 272"]
[Site "Emanuel Lasker Arena"]
[Date "2020.07.02"]
[Round "4"]
[White "Uber_WING"]
[Black "Mepe_Nika"]
[Result "1/2-1/2"]
[WhiteElo "2417"]
[BlackElo "2415"]
[PlyCount "44"]
[EventDate "2020.07.02"]
[EventType "swiss (blitz)"]

1. e4 {[%emt 0:00:01]} e5 {[%emt 0:00:01]} 2. Nc3 {[%emt 0:00:00]} Nf6 {[%emt 0:00:01]} 3. g3 {[%emt 0:00:00]} c6 {[%emt 0:00:01]} 4. Bg2 {[%emt 0:00:00]} d5 {[%emt 0:00:00]} 5. exd5 {[%emt 0:00:01]} cxd5 {[%emt 0:00:00]} 6. d3 {[%emt 0:00:00]} Nc6 {[%emt 0:00:01]} 7. h3 {[%emt 0:00:01]} Bc5 {[%emt 0:00:01]} 8. Nge2 {[%emt 0:00:01]} O-O {[%emt 0:00:00]} 9. O-O {[%emt 0:00:00]} h6 {[%emt 0:00:01]} 10. Kh2 {[%emt 0:00:00]} Re8 {[%emt 0:00:01]} 11. f4 {[%emt 0:00:01]} e4 {[%emt 0:00:01]} 12. dxe4 {[%emt 0:00:01]} dxe4 {[%emt 0:00:00]} 13. Qxd8 {[%emt 0:00:01]} Rxd8 {[%emt 0:00:01]} 14. Nxe4 {[%emt 0:00:02]} Nxe4 {[%emt 0:00:01]} 15. Bxe4 {[%emt 0:00:00]} Be6 {[%emt 0:00:01]} 16. Bf3 {[%emt 0:00:02]} Rac8 {[%emt 0:00:01]} 17. Nc3 {[%emt 0:00:01]} Nd4 {[%emt 0:00:01]} 18. Bd1 {[%emt 0:00:00]} Bf5 {[%emt 0:00:02]} 19. Na4 {[%emt 0:00:04]} Nxc2 {[%emt 0:00:03]} 20. Bxc2 {[%emt 0:00:04]} Bxc2 {[%emt 0:00:00]} 21. Nxc5 {[%emt 0:00:00]} Rxc5 {[%emt 0:00:00]} 22. Be3 {[%emt 0:00:00]} Rcd5 {[%emt 0:00:01] Mepe_Nika offers a draw (Lag: Av=0.34s, max=0.5s)} 1/2-1/2

[Event "Stay Safe Play From Home 272"]
[Site "Emanuel Lasker Arena"]
[Date "2020.07.02"]
[Round "4"]
[White "Jhhonnyy"]
[Black "Metehun"]
[Result "0-1"]
[WhiteElo "2304"]
[BlackElo "2412"]
[PlyCount "80"]
[EventDate "2020.07.02"]
[EventType "swiss (blitz)"]

1. d4 {[%emt 0:00:01]} Nf6 {[%emt 0:00:01]} 2. c4 {[%emt 0:00:01]} e6 {[%emt 0:00:00]} 3. g3 {[%emt 0:00:00]} Bb4+ {[%emt 0:00:00]} 4. Bd2 {[%emt 0:00:01]} Qe7 {[%emt 0:00:00]} 5. Nf3 {[%emt 0:00:02]} Nc6 {[%emt 0:00:00]} 6. Nc3 {[%emt 0:00:02]} Bxc3 {[%emt 0:00:01]} 7. Bxc3 {[%emt 0:00:01]} O-O {[%emt 0:00:00]} 8. Bg2 {[%emt 0:00:01]} Ne4 {[%emt 0:00:00]} 9. Rc1 {[%emt 0:00:01]} d6 {[%emt 0:00:00]} 10. O-O {[%emt 0:00:01]} Nxc3 {[%emt 0:00:00]} 11. Rxc3 {[%emt 0:00:01]} e5 {[%emt 0:00:00]} 12. e4 {[%emt 0:00:04]} Bg4 {[%emt 0:00:02]} 13. dxe5 {[%emt 0:00:02]} dxe5 {[%emt 0:00:02]} 14. Qb3 {[%emt 0:00:04]} Bxf3 {[%emt 0:00:03]} 15. Bxf3 {[%emt 0:00:04]} b6 {[%emt 0:00:01]} 16. c5 {[%emt 0:00:02]} Nd4 {[%emt 0:00:01]} 17. Qc4 {[%emt 0:00:03]} Rfd8 {[%emt 0:00:02]} 18. Kg2 {[%emt 0:00:03]} g6 {[%emt 0:00:01]} 19. b4 {[%emt 0:00:02]} Kg7 {[%emt 0:00:02]} 20. Rd1 {[%emt 0:00:01]} a5 {[%emt 0:00:03]} 21. a3 {[%emt 0:00:01]} axb4 {[%emt 0:00:01]} 22. axb4 {[%emt 0:00:00]} Ra4 {[%emt 0:00:01]} 23. cxb6 {[%emt 0:00:01]} cxb6 {[%emt 0:00:01]} 24. Rb1 {[%emt 0:00:02]} Qf6 {[%emt 0:00:02]} 25. Re3 {[%emt 0:00:02]} Rd6 {[%emt 0:00:01]} 26. Qc7 {[%emt 0:00:01]} Ra2 {[%emt 0:00:02]} 27. Rf1 {[%emt 0:00:04]} h5 {[%emt 0:00:02]} 28. h4 {[%emt 0:00:01]} Qe6 {[%emt 0:00:02]} 29. Qc3 {[%emt 0:00:01]} Rc2 {[%emt 0:00:02]} 30. Qa1 {[%emt 0:00:01]} Rc4 {[%emt 0:00:03]} 31. Rfe1 {[%emt 0:00:01]} Rxb4 {[%emt 0:00:01]} 32. Rd1 {[%emt 0:00:01]} Rb3 {[%emt 0:00:02]} 33. Rxb3 {[%emt 0:00:03]} Qxb3 {[%emt 0:00:01]} 34. Qc1 {[%emt 0:00:02]} Qxf3+ {[%emt 0:00:01]} 35. Kg1 {[%emt 0:00:00]} Qxe4 {[%emt 0:00:01]} 36. Re1 {[%emt 0:00:01]} Ne2+ {[%emt 0:00:01]} 37. Rxe2 {[%emt 0:00:00]} Qxe2 {[%emt 0:00:00]} 38. Qc7 {[%emt 0:00:01]} Qd3 {[%emt 0:00:02]} 39. Kh2 {[%emt 0:00:00]} Qd2 {[%emt 0:00:01]} 40. Qxb6 {[%emt 0:00:00]} Rxb6 {[%emt 0:00:01] Jhhonnyy gibt auf (Lag: Av=0.36s, max=0.5s)} 0-1

[Event "Stay Safe Play From Home 272"]
[Site "Emanuel Lasker Arena"]
[Date "2020.07.02"]
[Round "4"]
[White "BrainThinker22"]
[Black "Broken sword"]
[Result "0-1"]
[WhiteElo "2288"]
[BlackElo "2430"]
[Annotator "NA"]
[PlyCount "146"]
[EventDate "2020.07.02"]
[EventType "swiss (blitz)"]

1. e4 {[%emt 0:00:01]} c5 {[%emt 0:00:01]} 2. Nc3 {[%emt 0:00:00]} e6 {[%emt 0:00:00]} 3. g3 {[%emt 0:00:00]} a6 {[%emt 0:00:00]} 4. Bg2 {[%emt 0:00:00]} b5 {[%emt 0:00:00]} 5. a3 {[%emt 0:00:01]} Bb7 {[%emt 0:00:00]} 6. d3 {[%emt 0:00:00]} d6 {[%emt 0:00:00]} 7. Be3 {[%emt 0:00:00]} Nf6 {[%emt 0:00:00]} 8. h3 {[%emt 0:00:01]} Nc6 {[%emt 0:00:01]} 9. Qd2 {[%emt 0:00:00]} Nd7 {[%emt 0:00:01]} 10. Nge2 {[%emt 0:00:00]} Qc7 {[%emt 0:00:00]} 11. O-O {[%emt 0:00:01]} Be7 {[%emt 0:00:00]} 12. f4 {[%emt 0:00:00]} Nb6 {[%emt 0:00:01]} 13. g4 {[%emt 0:00:01]} h6 {[%emt 0:00:02]} 14. Ng3 {[%emt 0:00:01]} O-O-O {[%emt 0:00:02]} 15. f5 {[%emt 0:00:00]} e5 {[%emt 0:00:01]} 16. g5 {[%emt 0:00:03]} hxg5 {[%emt 0:00:01]} 17. Bxg5 {[%emt 0:00:00]} Bxg5 {[%emt 0:00:01]} 18. Qxg5 {[%emt 0:00:00]} f6 {[%emt 0:00:00]} 19. Qd2 {[%emt 0:00:02]} Nd4 {[%emt 0:00:01]} 20. Nce2 {[%emt 0:00:01]} Nxe2+ {[%emt 0:00:01]} 21. Nxe2 {[%emt 0:00:00]} Rdg8 {[%emt 0:00:02] BrainThinker22 offers a draw} 22. Ng3 {[%emt 0:00:04]} Kb8 {[%emt 0:00:00]} 23. Qf2 {[%emt 0:00:02]} Bc6 {[%emt 0:00:03]} 24. c3 {[%emt 0:00:01]} Bb7 {[%emt 0:00:02]} 25. d4 {[%emt 0:00:00]} Nc4 {[%emt 0:00:01]} 26. dxc5 {[%emt 0:00:01]} Qxc5 {[%emt 0:00:01]} 27. b3 {[%emt 0:00:02]} Nd2 {[%emt 0:00:04]} 28. Qxc5 {[%emt 0:00:07]} dxc5 {[%emt 0:00:00]} 29. Rfd1 {[%emt 0:00:00]} Nxb3 {[%emt 0:00:00]} 30. Rab1 {[%emt 0:00:01]} c4 {[%emt 0:00:00]} 31. Rd7 {[%emt 0:00:00]} Bc6 {[%emt 0:00:02]} 32. Re7 {[%emt 0:00:02]} Re8 {[%emt 0:00:01]} 33. Rxg7 {[%emt 0:00:01]} Reg8 {[%emt 0:00:01]} 34. Rxg8+ {[%emt 0:00:00]} Rxg8 {[%emt 0:00:00]} 35. Kf2 {[%emt 0:00:00]} Kc7 {[%emt 0:00:02]} 36. Rd1 {[%emt 0:00:01]} Nc5 {[%emt 0:00:02]} 37. h4 {[%emt 0:00:06]} Nd3+ {[%emt 0:00:01]} 38. Kf3 {[%emt 0:00:02]} Nf4 {[%emt 0:00:01]} 39. Bf1 {[%emt 0:00:01]} Rh8 {[%emt 0:00:02]} 40. h5 {[%emt 0:00:02]} Nxh5 {[%emt 0:00:00]} 41. Nxh5 {[%emt 0:00:00]} Rxh5 {[%emt 0:00:00]} 42. Kg4 {[%emt 0:00:00]} Rh7 {[%emt 0:00:01]} 43. Bh3 {[%emt 0:00:01]} Bxe4 {[%emt 0:00:01]} 44. Re1 {[%emt 0:00:01]} Bc6 {[%emt 0:00:01]} 45. Bf1 {[%emt 0:00:01]} Bd7 {[%emt 0:00:01]} 46. Kg3 {[%emt 0:00:00]} Rg7+ {[%emt 0:00:00]} 47. Kf3 {[%emt 0:00:00]} Bxf5 {[%emt 0:00:01]} 48. Ke3 {[%emt 0:00:00]} Be6 {[%emt 0:00:01]} 49. Be2 {[%emt 0:00:00]} Rd7 {[%emt 0:00:01]} 50. Rh1 {[%emt 0:00:01]} f5 {[%emt 0:00:00]} 51. Rh6 {[%emt 0:00:00]} Re7 {[%emt 0:00:00]} 52. Kf2 {[%emt 0:00:00]} e4 {[%emt 0:00:01]} 53. Rf6 {[%emt 0:00:00]} Kd6 {[%emt 0:00:01]} 54. Bd1 {[%emt 0:00:01]} Ke5 {[%emt 0:00:00]} 55. Rh6 {[%emt 0:00:00]} f4 {[%emt 0:00:00]} 56. Rh1 {[%emt 0:00:00]} Bf5 {[%emt 0:00:00]} 57. Ke2 {[%emt 0:00:01]} Re6 {[%emt 0:00:00]} 58. Kf2 {[%emt 0:00:00]} f3 {[%emt 0:00:00]} 59. Rh5 {[%emt 0:00:01]} Kf4 {[%emt 0:00:00]} 60. Rh4+ {[%emt 0:00:00]} Kg5 {[%emt 0:00:00]} 61. Rh1 {[%emt 0:00:00]} Bg4 {[%emt 0:00:00]} 62. Rg1 {[%emt 0:00:00]} Kf4 {[%emt 0:00:00]} 63. Bc2 {[%emt 0:00:01]} e3+ {[%emt 0:00:00]} 64. Kf1 {[%emt 0:00:00]} e2+ {[%emt 0:00:01]} 65. Kf2 {[%emt 0:00:00]} Rd6 {[%emt 0:00:01]} 66. Re1 {[%emt 0:00:00]} Bf5 {[%emt 0:00:01]} 67. Bxf5 {[%emt 0:00:02]} Kxf5 {[%emt 0:00:00]} 68. Kxf3 {[%emt 0:00:00]} Rd3+ {[%emt 0:00:00]} 69. Kxe2 {[%emt 0:00:00]} Rxc3 {[%emt 0:00:00]} 70. Rf1+ {[%emt 0:00:00]} Ke4 {[%emt 0:00:01]} 71. Rh1 {[%emt 0:00:00]} Re3+ {[%emt 0:00:00]} 72. Kf1 {[%emt 0:00:00]} Rxa3 {[%emt 0:00:00]} 73. Kg2 {[%emt 0:00:00]} Kd5 {[%emt 0:00:00] Time (Lag: Av=0.54s, max=1.0s)} 0-1

[Event "Stay Safe Play From Home 272"]
[Site "Emanuel Lasker Arena"]
[Date "2020.07.02"]
[Round "4"]
[White "Haxhi Baha"]
[Black "NeatFox"]
[Result "1-0"]
[WhiteElo "2051"]
[BlackElo "1931"]
[PlyCount "69"]
[EventDate "2020.07.02"]
[EventType "swiss (blitz)"]

1. e4 {[%emt 0:00:02]} c6 {[%emt 0:00:00]} 2. Nf3 {[%emt 0:00:01]} d5 {[%emt 0:00:00]} 3. Nc3 {[%emt 0:00:00]} dxe4 {[%emt 0:00:00]} 4. Nxe4 {[%emt 0:00:00]} Nf6 {[%emt 0:00:00]} 5. Nc3 {[%emt 0:00:02]} g6 {[%emt 0:00:01]} 6. Bc4 {[%emt 0:00:00]} Bg7 {[%emt 0:00:00]} 7. h3 {[%emt 0:00:00]} O-O {[%emt 0:00:00]} 8. d4 {[%emt 0:00:00]} Nbd7 {[%emt 0:00:01]} 9. Be3 {[%emt 0:00:01]} Nb6 {[%emt 0:00:00]} 10. Bb3 {[%emt 0:00:01]} Nbd5 {[%emt 0:00:00]} 11. Nxd5 {[%emt 0:00:02]} Nxd5 {[%emt 0:00:00]} 12. Bd2 {[%emt 0:00:01]} Be6 {[%emt 0:00:01]} 13. c3 {[%emt 0:00:01]} Nc7 {[%emt 0:00:01]} 14. Bc2 {[%emt 0:00:02]} Qc8 {[%emt 0:00:01]} 15. O-O {[%emt 0:00:01]} Bf5 {[%emt 0:00:00]} 16. Nh4 {[%emt 0:00:03]} Bxc2 {[%emt 0:00:01]} 17. Qxc2 {[%emt 0:00:01]} Nd5 {[%emt 0:00:01]} 18. f4 {[%emt 0:00:01]} e6 {[%emt 0:00:03]} 19. g4 {[%emt 0:00:02]} Qc7 {[%emt 0:00:02]} 20. Kg2 {[%emt 0:00:02]} Rfe8 {[%emt 0:00:01]} 21. f5 {[%emt 0:00:01]} exf5 {[%emt 0:00:01]} 22. gxf5 {[%emt 0:00:01]} Ne3+ {[%emt 0:00:08]} 23. Bxe3 {[%emt 0:00:01]} Rxe3 {[%emt 0:00:00]} 24. fxg6 {[%emt 0:00:01]} hxg6 {[%emt 0:00:01]} 25. Nf3 {[%emt 0:00:04]} Rae8 {[%emt 0:00:03]} 26. Rf2 {[%emt 0:00:00]} Bh6 {[%emt 0:00:04]} 27. Raf1 {[%emt 0:00:01]} f5 {[%emt 0:00:02]} 28. Ne5 {[%emt 0:00:01]} Kg7 {[%emt 0:00:03]} 29. Qd1 {[%emt 0:00:03]} Bf4 {[%emt 0:00:02]} 30. Rxf4 {[%emt 0:00:01]} Re2+ {[%emt 0:00:01]} 31. Qxe2 {[%emt 0:00:01]} c5 {[%emt 0:00:02]} 32. Qf3 {[%emt 0:00:01]} cxd4 {[%emt 0:00:01]} 33. cxd4 {[%emt 0:00:02]} Qc2+ {[%emt 0:00:01]} 34. Rf2 {[%emt 0:00:01]} Qc6 {[%emt 0:00:01]} 35. Nxc6 {[%emt 0:00:02] NeatFox gibt auf (Lag: Av=0.66s, max=0.8s)} 1-0

[Event "Stay Safe Play From Home 272"]
[Site "Emanuel Lasker Arena"]
[Date "2020.07.02"]
[Round "4"]
[White "Greblah"]
[Black "Chase the sun"]
[Result "1-0"]
[WhiteElo "1872"]
[BlackElo "1881"]
[Annotator "NA"]
[PlyCount "71"]
[EventDate "2020.07.02"]
[EventType "swiss (blitz)"]

1. e4 {[%emt 0:00:00]} e6 {[%emt 0:00:01]} 2. Qe2 {[%emt 0:00:01]} b6 {[%emt 0:00:03]} 3. Nc3 {[%emt 0:00:02]} Ba6 {[%emt 0:00:01]} 4. d3 {[%emt 0:00:01]} d5 {[%emt 0:00:01]} 5. exd5 {[%emt 0:00:02]} Nf6 {[%emt 0:00:01]} 6. dxe6 {[%emt 0:00:01]} fxe6 {[%emt 0:00:01]} 7. Bg5 {[%emt 0:00:01]} Be7 {[%emt 0:00:01]} 8. Nf3 {[%emt 0:00:01]} O-O {[%emt 0:00:01]} 9. Qxe6+ {[%emt 0:00:01]} Kh8 {[%emt 0:00:01]} 10. Ne5 {[%emt 0:00:01]} Bc8 {[%emt 0:00:03]} 11. Nf7+ {[%emt 0:00:02]} Rxf7 {[%emt 0:00:00]} 12. Qxf7 {[%emt 0:00:01]} Nbd7 {[%emt 0:00:02]} 13. Bxf6 {[%emt 0:00:01]} Bxf6 {[%emt 0:00:01]} 14. Be2 {[%emt 0:00:01]} Ne5 {[%emt 0:00:02]} 15. Qb3 {[%emt 0:00:02]} Qd6 {[%emt 0:00:01]} 16. O-O {[%emt 0:00:01]} Be6 {[%emt 0:00:01]} 17. Qa3 {[%emt 0:00:02]} Qxa3 {[%emt 0:00:03]} 18. bxa3 {[%emt 0:00:01]} Nxd3 {[%emt 0:00:01]} 19. Bxd3 {[%emt 0:00:02]} Bxc3 {[%emt 0:00:01]} 20. Rab1 {[%emt 0:00:01]} g6 {[%emt 0:00:02]} 21. Rfe1 {[%emt 0:00:02]} Bd5 {[%emt 0:00:03]} 22. Re7 {[%emt 0:00:02]} c5 {[%emt 0:00:03]} 23. Be4 {[%emt 0:00:01]} Bc4 {[%emt 0:00:01]} 24. Rd1 {[%emt 0:00:02]} Bxa2 {[%emt 0:00:02]} 25. g3 {[%emt 0:00:01]} Bf6 {[%emt 0:00:04]} 26. Rb7 {[%emt 0:00:02]} Re8 {[%emt 0:00:01]} 27. f3 {[%emt 0:00:01]} g5 {[%emt 0:00:03]} 28. Rdd7 {[%emt 0:00:01]} g4 {[%emt 0:00:03]} 29. Rxh7+ {[%emt 0:00:01]} Kg8 {[%emt 0:00:01]} 30. Rh6 {[%emt 0:00:02]} Bd4+ {[%emt 0:00:01]} 31. Kg2 {[%emt 0:00:01]} gxf3+ {[%emt 0:00:00]} 32. Bxf3 {[%emt 0:00:01]} Bb1 {[%emt 0:00:03]} 33. Rg6+ {[%emt 0:00:01]} Kf8 {[%emt 0:00:02]} 34. Rg4 {[%emt 0:00:03]} Bxc2 {[%emt 0:00:01]} 35. Rf4+ {[%emt 0:00:01]} Kg8 {[%emt 0:00:02]} 36. Kh3 {[%emt 0:00:00] Zeit (Lag: Av=0.38s, max=0.6s)} 1-0